Der Fall Arkonas
| Titel: | Der Fall Arkonas : Datierung und nationale Geschichtschreibung |
|---|---|
| Verfasser: | |
| In: |
Pommern, (1996), Seite 30-66 alle Artikel anzeigen |
| Veröffentlicht: | 1996 |
| Format: | Aufsatz |
| Sprache: | Deutsch |
X
alg: 39153244 001A $01999:11-11-16 001B $01999:23-03-21 $t21:44:08.000 001D $01999:11-11-16 001U $0utf8 001X $00 002@ $0Aox 003@ $0391532448 007A $0391532448 $aHEB 007T $0Herd07353 010@ $ager 011@ $a1996 021A $aDer @Fall Arkonas $dDatierung und nationale Geschichtschreibung 028A $aWerlich $dRalf-Gunnar 031A $h30-66 $j1996 037A $aDiskutiert Jahr und Tagesdatum; entscheidet sich für 1168 ohne Tagesdatierung 039B $aIn $8--Aau--. Pommern. - Greifswald : Steinbecker Verl. Rose, 1996. - 468 S.. - Ill., Kt.. - ISBN 3-931483-08-8 $x199600000000000970 $9050939963 045F $a900.9438160902 $eDDC23BSB 045F/01 $a900 045F/03 $f0902 045F/03 $g43816 lok: 39153244 78 exp: 39153244 78 1 #EPN 201B/01 $004-03-18 $t21:34:12.000 201U/01 $0utf8 203@/01 $0787626600 208@/01 $a11-11-16 $be 209A/01 $a/ $f000 $x00 220C/01 $aTitelaufnehmer: ej 244Z/01 $2Trx $#Pomeranija $#Pommern $#Pomoransko $#Pomořansko $#Hinterpommern;Vorpommern;Mittelpommern $#Pomorze Środkowe;Pomorze Przednie $#Pomořansko;Západní Pomořany; Pomořany $8--Trx--Pomorze Zachodnie $x01 $9391303775 244Z/01 $2Trx $#Kap Arkona $8--Trx--Arkona$gRügen $x02 $9391147277 244Z/01 $#Rügen $74050875-4 $8--Tg1--Rügen $x03 $9085141852 244Z/01 $2Trx $#Danija $#Dänemark $#Denmark $#Dania $#Dánsko $8--Trx--Danmark $x04 $9391147269 244Z/01 $aGeschichte 1168-1169 $x05 244Z/01 $2Trx $#ristiusustamine $#christianizacija $#christian missons $#keresztényesítés $#chrystianizacja $#christianizácia $#christianizace $8--Trx--Christianisierung $x06 $9391365525 244Z/01 $2Trx $#historiograafia, Saksa $#Vokietijos istoriografija $#Historiography, German $#történetírás, német $#historiografia niemiecka $#historiografia nemecká $#historiografie německá $8--Trx--Historiographie, deutsche $x07 $9391374664 244Z/01 $2Trx $#historiograafia, Taani $#Danijos istoriografija $#historiography, Danish $#történettudomány, dán $#historiografia duńska $#Historiografia, dánska $#Historiografie dánská $8--Trx--Historiographie, dänische $x08 $9391359282 244Z/01 $2Trx $#historiograafia, Pomerania $#Pomeranijos istoriografija $#historiography, Pommeranian $#történettudomány, pomerán $#historiografia pomorska $#historiografia pomoranská $#historiografie pomořanská $8--Trx--Historiographie, pommersche $x09 $9391369326 244Z/01 $2Trx $8--Trx--Einzelbeiträge $x10 $9391384570 245Z/01 $a13.03 $x01 245Z/01 $a06.02 $x02 247C/01 $82080>Marburg/Lahn, Herder-Institut, Forschungsbibliothek, Bibliographieportal $9336309341
| LEADER | 00000caa a22000002c 4500 | ||
|---|---|---|---|
| 001 | 391532448 | ||
| 003 | DE-603 | ||
| 005 | 20210323214408.0 | ||
| 007 | tu | ||
| 008 | 161111s1996 xx |||| | u00||u|ger c | ||
| 035 | |a (DE-599)HEB391532448 | ||
| 040 | |a DE-603 |b ger |c DE-603 |d DE-603 | ||
| 041 | |a ger | ||
| 082 | 0 | 4 | |8 1\u |a 900.9438160902 |q DE-101 |2 23/BSB |
| 085 | |8 1\u |b 900 | ||
| 085 | |8 1\u |z 1 |s 0902 | ||
| 085 | |8 1\u |z 2 |s 43816 | ||
| 100 | 1 | |a Werlich, Ralf-Gunnar | |
| 245 | 0 | 0 | |a Der Fall Arkonas |b Datierung und nationale Geschichtschreibung |
| 264 | 0 | |c 1996 | |
| 500 | |a Diskutiert Jahr und Tagesdatum; entscheidet sich für 1168 ohne Tagesdatierung | ||
| 773 | 0 | 8 | |i In |t Pommern |d Greifswald : Steinbecker Verl. Rose, 1996 |h 468 S., Ill., Kt. |z 3931483088 |g (1996), Seite 30-66 |w (DE-603)050939963 |
| 924 | 0 | |9 2080 |a (DE-603)787626600 |b DE-2080 |c HES |d d |g / | |


